| 000 | 01060cam a22002651a 4500 | ||
|---|---|---|---|
| 001 | 000001701 | ||
| 005 | 20200929145652.0 | ||
| 008 | 761014s1923 xx ab 001 0 frex | ||
| 040 |
_aDO-SdBNP _bspa _cBNPHU |
||
| 082 |
_a301.7 _bM844d |
||
| 100 | 1 |
_aMoret, Alexandre, _d1868-1938 _95309 |
|
| 245 | 1 | 0 |
_aDes clans aux empires : _bl'organisation sociale chez les primitifs et dans l'Orient ancien / _cA. Moret, G. Davy. |
| 260 |
_aParís : _bRenaissance du livre, _c1923. |
||
| 300 |
_axxviii, 414 p. : _bil., mapas ; _c20 cm. |
||
| 490 | 1 |
_aL'evolution de l'humanité, synthese collective, _v6 |
|
| 500 | _aEn portada: Bibliotheque de synthèse historique. L'evolution de l'humanité, | ||
| 504 | _aBibliografía : p.[415]-418. | ||
| 650 | 4 |
_aSociedades primitivas _95535 |
|
| 651 | 4 |
_aEgipto _xAntigüedades _95536 |
|
| 651 | 4 |
_aEgipto _xHistoria Antigua _95537 |
|
| 650 | 4 |
_aHombres prehistoricos _95538 |
|
| 650 | 4 |
_aMujeres prehistoricas _95539 |
|
| 700 | 1 |
_aDavy, Georges _d1883- _95540 |
|
| 830 | 0 |
_aL'evolution de l'humanité, synthese collective, _v6 _95541 |
|
| 999 |
_c1582 _d1582 |
||